Score 0/15 Timer 12:00
0 Plays Today
Mixed Word Actor + Role % Correct
A LOCKED GUFF(Ben) Affleck + Doug (MacRay)
100%
ANDROID FAIN(Harrison) Ford + Indiana (Jones)
80.3%
CHUNK HACKS(Tom) Hanks + Chuck (Noland)
73%
YO, DENY TOWN(Robert) Downey + Tony (Stark)
70.6%
CHEMICAL PIANO(Al) Pacino + Michael (Corleone)
66.5%
CONJOINS CHALK(Jack) Nicholson + Jack (Torrance)
65.7%
TEACHES RUIN(Tom) Cruise + Ethan (Hunt)
58.4%
METAL TYCOON(George) Clooney + Matt (Kowalsky)
44%
Mixed Word Actor + Role % Correct
PINT DOT(Brad) Pitt + Don (Collier)
43.3%
DIMMER IN JOY(Robert) De Niro + Jimmy (Conway)
38.6%
CAJOLING GOBS(Ryan) Gosling + Jacob (Palmer)
36.3%
WORN AFGHAN KNITS(Denzel) Washington + Frank (Lucas)
29.8%
COLLARD ROMAN(Matt) Damon + Carroll (Shelby)
24.9%
DARN JOHN'S OXEN(Dwayne) Johnson + Xander (Bravestone)
22.7%
WRESTLER CALL(Terry) Crews + Latrell (Spencer)
12.2%
Remove Ads.
Support Sporcle.
Get the best of Sporcle when you Go Orange. This ad-free experience offers more features, more stats, and more fun while also helping to support Sporcle. Thank you for becoming a member.

You're not logged in!

Compare scores with friends on all Sporcle quizzes.
OR
Log In

Show Comments

Extras

Top Quizzes Today


Score Distribution

Your Account Isn't Verified!

In order to create a playlist on Sporcle, you need to verify the email address you used during registration. Go to your Sporcle Settings to finish the process.

Report this User

Report this user for behavior that violates our Community Guidelines.

Details: